|
|
|
|
| LEADER |
00000nam0a2200000 4500 |
| 001 |
20693 |
| 005 |
20231101205354.0 |
| 010 |
|
|
|a 5211026241
|
| 035 |
|
|
|a (RuTPU)RU\TPU\book\20882
|
| 035 |
|
|
|a BOOK00000077
|
| 090 |
|
|
|a 20693
|
| 100 |
|
|
|a 20011209d1994 km y0rusy50 ca
|
| 101 |
0 |
|
|a rus
|
| 102 |
|
|
|a RU
|
| 105 |
|
|
|a y z 000zy
|
| 200 |
1 |
|
|a Психология мировоззрения и убеждений личности
|f Г. Е. Залесский
|
| 210 |
|
|
|a Москва
|c Изд-во МГУ
|d 1994
|
| 215 |
|
|
|a 141 с.
|
| 610 |
1 |
|
|a психология
|
| 610 |
1 |
|
|a социальная психология
|
| 610 |
1 |
|
|a личность
|
| 610 |
1 |
|
|a мировоззрение
|
| 610 |
1 |
|
|a убеждения
|
| 686 |
|
|
|a Ю952
|v LBC/SL-A
|2 rubbk
|
| 700 |
|
1 |
|a Залесский
|b Г. Е.
|c российский психолог
|c доктор психологических наук
|f 1925-
|g Георгий Евгеньевич
|2 stltpush
|3 (RuTPU)RU\TPU\pers\16776
|9 6054
|
| 801 |
|
0 |
|a RU
|b 63413507
|c 20011209
|g PSBO
|
| 801 |
|
2 |
|a RU
|b 63413507
|c 20220526
|g PSBO
|
| 942 |
|
|
|c BK
|